| 000 | 00459nam a2200193Ia 4500 | ||
|---|---|---|---|
| 005 | 20251020182531.0 | ||
| 008 | 200515s9999 xx 000 0 und d | ||
| 082 | _a699.88/S23 | ||
| 100 | _aSARRIA, Alberto | ||
| 245 | 0 | _aIngeniería Sísmica | |
| 260 | _aSantafé de Bogotá, D.C. | ||
| 260 | _c1995 | ||
| 500 | _a1 ejemplar | ||
| 650 | _aDISEÑO SISMORESISTENTE | ||
| 650 | _aINGENIERIA SISMICA | ||
| 650 | _aLIB | ||
| 650 | _aSISMOS | ||
| 942 | _cLIB | ||
| 999 |
_c2065 _d2065 |
||